ما بعد جد يد يت سے نۓ عہد کی تخليقيت تک (Record no. 87804)

MARC details
000 -LEADER
fixed length control field 01325nam a22002897a 4500
005 - DATE AND TIME OF LATEST TRANSACTION
control field 20170327120500.0
008 - FIXED-LENGTH DATA ELEMENTS--GENERAL INFORMATION
fixed length control field 140714b xxu||||| |||| 00| 0 Urdu d
010 ## - LCCN (DPL NO)
LC control number UR-8534 B-548295 B-665937
020 ## - INTERNATIONAL STANDARD BOOK NUMBER
Terms of availability 400.00
International Standard Book Number 9789381029541
020 ## - INTERNATIONAL STANDARD BOOK NUMBER
International Standard Book Number 9789381029367
035 ## - SYSTEM CONTROL NUMBER
System control number U-7089 B-548295 B-665937
037 ## - SOURCE OF ACQUISITION
Source of stock number/acquisition BPPD/Publishers/Venders
037 ## - SOURCE OF ACQUISITION
Source of stock number/acquisition DBAD/Pub.
037 ## - SOURCE OF ACQUISITION
Source of stock number/acquisition Star Pub.(Vend.)/Arshia Pub.(Pub.)
040 ## - CATALOGING SOURCE
Original cataloging agency DPL
Language of cataloging Urdu
082 ## - DEWEY DECIMAL CLASSIFICATION NUMBER
Classification number 840.8
100 ## - MAIN ENTRY--PERSONAL NAME
Personal name نظا م صد يقی
245 ## - TITLE STATEMENT
Title ما بعد جد يد يت سے نۓ عہد کی تخليقيت تک
Statement of responsibility, etc نظا م صد يقی
246 ## - VARYING FORM OF TITLE
Title proper/short title Mahabad-e- Jadeediat se naye Ahed ki Takhliqiyat Tak
Remainder of title byNizam Siddiqui
260 ## - PUBLICATION, DISTRIBUTION, ETC. (IMPRINT)
Name of publisher, distributor, etc Arshia Publictions
-- Star Publications.( Vender)
Date of publication, distribution, etc 2012
260 ## - PUBLICATION, DISTRIBUTION, ETC. (IMPRINT)
Place of publication, distribution, etc 4/5Asaf Ali Road,New Delhi-110002
270 ## - ADDRESS
Address A-170,Ground Floor, 3,Surya Apartment, Dilshad Colony,
City دھلی
Postal code 110095
Telephone number 9971775969
300 ## - PHYSICAL DESCRIPTION
Extent 408ص
Dimensions 22Cm(Pb)
942 ## - ADDED ENTRY ELEMENTS (KOHA)
Source of classification or shelving scheme Dewey Decimal Classification
Item type Urdu Bks
Call number suffix ص د ی
Classification part 840.8
Holdings
Withdrawn status Lost status Source of classification or shelving scheme Damaged status Not for loan Collection code Home library Current library Date acquired Source of acquisition Cost, normal purchase price Total Checkouts Full call number Barcode Date last seen Copy number Cost, replacement price Koha item type
    Dewey Decimal Classification     Non-fiction Ashok Vihar Ashok Vihar 27/03/2017 BPPD/UR/2014-15/AV/16-17/657/SP/2267/27.2.17/8.3.17 400.00   840.8 ص د ی B-665937 10/06/2023 1 400.00 Urdu Bks
    Dewey Decimal Classification     Non-fiction Central Library Central Library 16/12/2014 BPPD/UR/2014-15/127/1.8.14/SP/3597/6.8.14/2.9.14 400.00   840.8 ص د ی B-548295 16/12/2014 1 400.00 Urdu Bks
    Dewey Decimal Classification   Not For Loan Non-fiction D.B.Act.Division D.B.Act.Division 29/01/2015 DBAD/PUB 400.00   840.8 ص د ی U-7089 29/01/2015 1 400.00 Urdu Bks

© Delhi Public Library
Hit Counter
free hit counter